000 01964cam a2200145 4500500
005 20260405051134.0
041 _afre
042 _adc
100 1 0 _aGrandjean, Geoffrey
_eauthor
700 1 0 _aPiet, Grégory
_eauthor
245 0 0 _aPolémiques à l'école : Perspectives internationales sur le lien social
260 _bArmand Colin,
_c2012.
520 _aL’école reste marquée par le temps, les époques, les générations, les guerres, les crises politiques et sociétales, les controverses, les polémiques. Jamais, cette institution n’a épargné ses acteurs. C’est en substance ce que relève le présent ouvrage en insistant sur l’importance d’étudier l’école dans une perspective de science politique. Deux fils rouges sont ainsi privilégiés. Le premier porte sur le fait que l’école est marquée par cette double rencontre entre socialisation et polémiques multiples présentes, passées et futures. Le second comprend l’école comme une arène publique au sein de laquelle ce phénomène de politisation est toujours parvenu à se manifester, que ce soit dans les livres d’histoire ou dans le choix des événements à étudier ou non. C’est précisément la manière dont l’école apporte sa pierre à l’édifice de l’étude du lien social qui est au cœur de cet ouvrage. Quelle est la contribution de l’école dans la façon de concevoir le vivre ensemble au sein d’une société placée sous l’autorité d’un système politique ? Pour y répondre, les auteurs montrent que l’école peut être entendue comme une arène où se rencontrent de multiples acteurs, comme un lieu de confrontation et aussi comme un lieu de socialisation. Une dimension internationale est ici privilégiée en prenant appui sur des cas français, belges, canadiens, américains, espagnols ou encore libanais.
856 4 1 _uhttps://shs.cairn.info/Polemiques-a-l-ecole--9782200277178?lang=fr&redirect-ssocas=7080
999 _c2175635
_d2175635